History Quiz

Random History or Artist Quiz

Artist Country of Birth Match Quiz Stats

 Plays Quiz Updated Aug 5, 2017

Support Sporcle.
Go Orange.
Score 0/20 Timer 04:00
0 Plays Today
% Correct
Claude Monet
93.5%
Pablo Picasso
91.9%
Jackson Pollock
89.4%
Katsushika Hokusai
88.2%
Frida Kahlo
87.5%
Vincent Van Gogh
87.3%
Zhang Zeduan
86.6%
Caravaggio
85.4%
William Blake
80.6%
El Greco
78%
% Correct
Wassily Kandinsky
74%
Albrecht Durer
69.8%
Francis Bacon
67.6%
Farrukh Beg
66.8%
Edvard Munch
66.3%
Gustav Klimt
59.4%
Rene Magritte
58.2%
Peder Mork Monsted
39.4%
Paul Klee
33.4%
Tamara De Lempicka
28.9%

You're not logged in!

Compare scores with friends on all Sporcle quizzes.
OR
Log In
Forgot?

From the Vault

Movie Character Blitz VIII

by Thebiguglyalien

God creates dinosaurs. God destroys dinosaurs. God creates man. Man destroys God. Man creates quizzes.
Remove Ads.
Support Sporcle.
Get the best of Sporcle when you Go Orange. This ad-free experience offers more features, more stats, and more fun while also helping to support Sporcle. Thank you for becoming a member.

Show Comments

Extras

Top Quizzes Today


Score Distribution

Your Account Isn't Verified!

In order to create a playlist on Sporcle, you need to verify the email address you used during registration. Go to your Sporcle Settings to finish the process.

Report this User

Report this user for behavior that violates our Community Guidelines.

Details: